新宿駅から片道500円以上かかる都区内の駅 - Statistics

General Stats
  • This quiz has been taken 174 times
  • The average score is 10 of 17
Answer Stats
IC運賃 Answer 最安値ルートの経由地 % Correct
535円 羽田空港第3ターミナル 品川
71%
727円 新整備場 浜松町/モノレール浜松町
69%
543円 見沼代親水公園 日暮里or西日暮里
67%
727円 羽田空港第1ターミナル 浜松町/モノレール浜松町
67%
543円 舎人 日暮里or西日暮里
66%
666円 整備場 浜松町/モノレール浜松町
66%
727円 羽田空港第2ターミナル 浜松町/モノレール浜松町
66%
535円 羽田空港第1・第2ターミナル 品川
62%
596円 昭和島 浜松町/モノレール浜松町
59%
533円 お台場海浜公園 新橋
52%
533円 台場 新橋
52%
629円 新柴又 馬喰横山/東日本橋、押上、京成高砂
52%
525円 大井競馬場前 浜松町/モノレール浜松町
51%
513円 東京テレポート 大崎
50%
534円 テレコムセンター 豊洲
50%
596円 流通センター 浜松町/モノレール浜松町
50%
545円 東京国際クルーズターミナル 汐留
39%
No matching quizzes found
Score Distribution
Percent of People with Each Score
Percentile by Number Answered
Your Score History
You have not taken this quiz